000
00280nam a2200109Ia 4500
008
220204s9999 xx 000 0 und d
082
_a
82-3
_b
ARC-F
100
_a
Archer, Jeffrey
245
0
_a
First among equals
260
_a
Great Britain
_b
Hodder and Stoughton
_c
1984
942
_c
BK
999
_c
38697
_d
38697